000 00297nam a22001337a 4500
008 170522b xxu||||| |||| 00| 0 eng d
020 _a9780618958559
041 _aeng
080 _a7TH
100 _a16
101 _aSHH
245 _aSOURCES OF THE WESTERN TRADITION
_cPERRY
942 _2udc
_cBK
999 _c13792
_d13792